00438nam a2200181Ia 4500008004100000020001800041050001400059100002200073245002500095245002100120245002200141260001300163260002100176260000900197300001500206300002500221300001000246180207s9999 xx 000 0 und d a9780007186396 bA549 2005 aAnderson, Scoular aFabulous creatures : bare they real? / cScoular Anderson. aLondon : bCollins Big Cat, c2005 a31 pages : bcolor illustration ; c21cm.